[Event "Mumbai Aurionpro GM op"]
[Site "Mumbai"]
[Date "2025.06.19"]
[Round "4"]
[White "Kumar S, Madhesh"]
[Black "Sanikidze, Tornike"]
[Result "1-0"]
[WhiteElo "2243"]
[BlackElo "2425"]
[PlyCount "99"]
[EventDate "2025.06.16"]
[EventType "swiss"]
[EventRounds "9"]
[EventCountry "IND"]
[SourceTitle "CB26_2025"]
[SourceDate "2025.06.25"]
[SourceVersion "1"]
[SourceVersionDate "2025.06.25"]
[SourceQuality "1"]

1. e4 e5 2. Nf3 Nc6 3. Bc4 Nf6 4. d3 Bc5 5. Nc3 h6 6. Be3 Bxe3 7. fxe3 d6 8. 0-0 Na5 9. Bb3 Nxb3 10. axb3 c6 11. Qe1 0-0 12. h3 Nh7 13. Qf2 Ng5 14. Qg3 Nxf3+ 15. Rxf3 f6 16. Rff1 Kh7 17. Qf3 g6 18. b4 Be6 19. b5 cxb5 20. Nxb5 a6 21. Nc3 b5 22. b4 Rc8 23. Nd5 Rc6 24. c4 bxc4 25. dxc4 Rxc4 26. Rxa6 Bxd5 27. exd5 Qb8 28. Rfa1 Kg7 29. Ra8 Qxa8 30. Rxa8 Rxa8 31. Qe2 Rxb4 32. Qc2 Ra7 33. Qc6 h5 34. Qxd6 Rb1+ 35. Kf2 h4 36. Kf3 Kh6 37. Qc5 Ra4 38. d6 Ra2 39. Qc4 Rbb2 40. d7 Rf2+ 41. Ke4 Rad2 42. Qc8 Kg5 43. d8Q Rxd8 44. Qg4+ Kh6 45. Qxh4+ Kg7 46. Qxf2 Rd7 47. g4 Ra7 48. Qc2 Rd7 49. h4 Rb7 50. Qc5 1-0

[Event "Maharashtra op 3rd"]
[Site "Hadapsar"]
[Date "2025.04.27"]
[Round "9"]
[White "Sathvik, Adiga"]
[Black "Kumar S, Madhesh"]
[Result "1/2-1/2"]
[WhiteElo "2390"]
[BlackElo "2183"]
[PlyCount "75"]
[EventDate "2025.04.20"]
[EventType "swiss"]
[EventRounds "10"]
[EventCountry "IND"]
[SourceTitle "CB18_2025"]
[SourceDate "2025.04.30"]
[SourceVersion "1"]
[SourceVersionDate "2025.04.30"]
[SourceQuality "1"]

1. Nf3 Nf6 2. g3 d5 3. Bg2 g6 4. 0-0 Bg7 5. d4 0-0 6. c4 c6 7. Nc3 Bf5 8. Ne5 Nbd7 9. Qb3 Ne4 10. Nxd7 Qxd7 11. cxd5 cxd5 12. Qxd5 Nd6 13. Rd1 Be6 14. Qf3 Bg4 15. Qd3 Rac8 16. f3 Bh3 17. e4 Bxg2 18. Kxg2 Rfd8 19. b3 b5 20. Ba3 a5 21. Bxd6 b4 22. Bxb4 axb4 23. Ne2 Qa7 24. Qd2 Bxd4 25. Nxd4 e5 26. Qxb4 Rxd4 27. Rxd4 exd4 28. Qd2 Rc3 29. Rd1 Qa5 30. a4 Qh5 31. Qf2 d3 32. Rd2 Qg5 33. f4 Qa5 34. Qe3 Rxb3 35. Rxd3 Rb2+ 36. Kg1 Rb1+ 37. Kg2 Rb2+ 38. Kg1 1/2-1/2

[Event "IND-ch U13"]
[Site "Secunderabad"]
[Date "2023.12.06"]
[Round "4"]
[White "Gaikwad, Manas"]
[Black "Kumar S, Madhesh"]
[Result "1/2-1/2"]
[WhiteElo "1916"]
[BlackElo "1580"]
[PlyCount "132"]
[EventDate "2023.12.04"]
[EventType "swiss"]
[EventRounds "11"]
[EventCountry "IND"]
[SourceTitle "EXT 2025"]
[Source "ChessBase"]
[SourceDate "2024.10.14"]
[SourceVersion "1"]
[SourceVersionDate "2024.10.14"]
[SourceQuality "1"]

1. e4 e5 2. Nf3 Nc6 3. Bb5 Nf6 4. d3 Bc5 5. 0-0 d6 6. c3 0-0 7. h3 h6 8. Re1 Bd7 9. Be3 Bxe3 10. fxe3 Ne7 11. Bc4 Ng6 12. Nbd2 c6 13. d4 Qc7 14. Bd3 c5 15. Rc1 b5 16. Rf1 Qb6 17. Bb1 a5 18. Qe1 Rae8 19. Qf2 a4 20. d5 c4 21. a3 Nh7 22. g4 Ng5 23. Kh2 Qd8 24. Ng1 Nh7 25. Ne2 Qh4 26. Qg2 Qg5 27. Qg1 Nh4 28. Ng3 g6 29. Bc2 Kh8 30. Qf2 Qe7 31. Rce1 Bc8 32. Re2 h5 33. gxh5 f5 34. hxg6 fxe4 35. Qf7 Rxf7 36. Rxf7 Nxg6 37. Rxe7 Nxe7 38. Bxe4 Nf6 39. Nf3 Nexd5 40. Ng5 Kg7 41. Rd2 Nxe3 42. Rxd6 Nxe4 43. N3xe4 Rf8 44. Rb6 Bf5 45. Rxb5 Kg6 46. h4 Rh8 47. Kg3 Bxe4 48. Nxe4 Nf5+ 49. Kf3 Rxh4 50. Nc5 Rf4+ 51. Ke2 Ng3+ 52. Ke3 Nf5+ 53. Kd2 e4 54. Rb6+ Kh5 55. Rf6 e3+ 56. Ke1 e2 57. Nd7 Kg5 58. Rf8 Ng3 59. Rxf4 Kxf4 60. Kf2 Ke4 61. Nc5+ Kd5 62. Nd7 Ke4 63. Nc5+ Kd5 64. Nxa4 Kc6 65. b4 cxb3 66. Nb2 Kb5 1/2-1/2

[Event "IND-chT 42nd"]
[Site "Pollachi"]
[Date "2023.02.10"]
[Round "1.1"]
[White "Kumar S, Madhesh"]
[Black "Karthikeyan, Murali"]
[Result "0-1"]
[WhiteElo "1468"]
[BlackElo "2626"]
[PlyCount "136"]
[EventDate "2023.02.10"]
[EventType "team-swiss"]
[EventRounds "9"]
[EventCountry "IND"]
[SourceTitle "CBM 212 Extra"]
[Source "ChessBase"]
[SourceDate "2023.03.31"]
[SourceVersion "1"]
[SourceVersionDate "2023.03.31"]
[SourceQuality "1"]
[WhiteTeam "Pondicherry"]
[BlackTeam "PSPB"]
[WhiteTeamCountry "IND"]
[BlackTeamCountry "IND"]

1. e4 c5 2. Nf3 Nc6 3. d4 cxd4 4. Nxd4 Nf6 5. Nc3 e6 6. Ndb5 Bc5 7. Nd6+ Ke7 8. Bf4 e5 9. Nf5+ Kf8 10. Be3 Bb4 11. Bg5 d5 12. Bxf6 Qxf6 13. Qxd5 Bxf5 14. exf5 Rd8 15. Qb3 Qxf5 16. Bd3 e4 17. Be2 Qc5 18. Qc4 Qxc4 19. Bxc4 Ke7 20. 0-0 Bxc3 21. bxc3 Ne5 22. Rfe1 f5 23. Bb3 Kf6 24. Rad1 b6 25. Rd4 Nc6 26. Rxd8 Rxd8 27. f3 Ne5 28. fxe4 f4 29. Rf1 g5 30. Bd5 Rc8 31. g3 f3 32. c4 g4 33. c5 Rxc5 34. Bb3 Rc3 35. Kf2 Nd7 36. e5+ Kxe5 37. Re1+ Kf6 38. Re6+ Kf5 39. Re3 Rxe3 40. Kxe3 Ke5 41. h3 h5 42. Ba4 Nf6 43. hxg4 hxg4 44. c4 Ne4 45. Bd7 f2 46. Ke2 Nxg3+ 47. Kxf2 Kf4 48. a4 a5 49. Kg2 Nf5 50. Kf2 Ne3 51. Bb5 g3+ 52. Ke2 Ke4 53. Ba6 Kd4 54. Kf3 g2 55. Kf2 Kc5 56. Kg1 Kb4 57. Bb5 Nxc4 58. Kxg2 Nb2 59. Kf2 Nxa4 60. Bd7 Nc5 61. Be8 a4 62. Ke2 a3 63. Bf7 Nb3 64. Kd3 a2 65. Kc2 a1Q 66. Bxb3 Qc3+ 67. Kb1 Ka3 68. Bc2 Qb2# 0-1